000 00448nmm a2200157Ia 4500
008 251105s9999||||xx |||||||||||||||||und||
020 _a9786587710298
041 _aspa
100 _aMantilla, Samuel Alberto
245 0 _aIFRS/NIIF para Pymes
264 _a[Bogotá, Colombia] :
_bEcoe Ediciones,
_c2013
300 _a230 páginas
650 _aEconomics and Business
856 _uhttps://public.digitaliapublishing.com/a/70621
942 _cCF
999 _c76089
_d76089